| 000 | 00719cam a22002173a 4500 | ||
|---|---|---|---|
| 001 | 30879 | ||
| 003 | PGUSA | ||
| 005 | 20140828083652.0 | ||
| 008 | 100106s2010||||xxu|||||s|||||000 | eng d | ||
| 040 |
_aPGUSA _beng |
||
| 042 | _adc | ||
| 050 | 4 | _aBX | |
| 245 | 1 | 4 |
_aThe Life of Blessed John B. Marie Vianney, Curé of Ars : _bWith a Novena and Litany to this Zealous Worker in the Vineyard of the Lord _h[electronic resource] / _cAnonymous |
| 260 |
_bProject Gutenberg, _c2010 |
||
| 506 | _aPublic domain in the USA. | ||
| 516 | _aElectronic text | ||
| 653 | _aVianney, Jean-Baptiste-Marie, Saint, 1786-1859 | ||
| 830 | 0 |
_aProject Gutenberg _v30879 |
|
| 856 | 4 | 0 | _uhttp://www.gutenberg.org/ebooks/30879 |
| 942 | _cEB | ||
| 999 |
_c260134 _d260134 |
||